000 nam a22 7a 4500
999 _c129223
_d129223
008 190314b xxu||||| |||| 00| 0 eng d
050 _aSPC DT465.L3 553
_b 1987
100 _aBurrett,Rob
_930838
245 _aIron spine and ribs
_ba brief history of the foundation of the railways of Zimbabwe and Zambis
_cRob Burett and Gordon Murray
260 _aBulawayo
_bKhami Press
_c2013
300 _ap.
_c22cm.
942 _2lcc
_cMONOGRAPH